Gua̕ de programas institucionales de apoyo a la mujer rural 2017

Bibliographic Details
Main Author: Gm̤ez Jur̀ez, Margarita
Other Authors: Reyes Rives, Miguel ℓngel
Format: eBook
Language:Spanish
Published: Ciudad de Mx̌ico: Cm̀ara de Diputados, 2017
Subjects:
Online Access:Acceso restringido

MARC

LEADER 00000nam a22000007a 4500
005 20180330221422.0
007 cr|||| ||||
008 180330s2017 mx |||||s||||f00||0 spa d
035 |a 21247 
040 |a vLex 
090 |c 7596  |d 7596 
100 1 |a Gm̤ez Jur̀ez, Margarita 
245 1 0 |a Gua̕ de programas institucionales de apoyo a la mujer rural 2017  |h [Recurso electrn̤ico] /  |c Margarita Gm̤ez Jur̀ez, Miguel ℓngel Reyes Rives 
256 |a Servicio en ln̕ea 
260 |a Ciudad de Mx̌ico:  |b Cm̀ara de Diputados,  |c 2017 
300 |a 1 recurso electrn̤ico 
506 1 |a Disponible solo en los productos indicados  |d vLex Global  |d vLex Global (Academic Edition, excluding Law Schools)  |d vLex Global (U.S. Academic Edition, Law Schools)  |d vLex Global (U.S. Academic Edition, excluding Law Schools)  |d vLex Global (Academic Edition, Law Schools) 
650 0 4 |a Derecho Pb︢lico y Administrativo  |z Mx̌ico 
700 1 |a Reyes Rives, Miguel ℓngel 
740 0 |a vLex Libros (Servicio en ln̕ea) 
856 4 0 |u http://vlex.com/source/guia-programas-institucionales-apoyo-mujer-rural-2017-21247  |z Acceso restringido 
942 |c BOOK 
999 0 |a Public and Administrative Law